书目信息 |
| 题名: |
论人类不平等的起源和基础
|
|
| 作者: | Rousseau , 卢梭 著 ;李常山 译 | |
| 分册: | ||
| 出版信息: | 北京 商务印书馆 1962 |
|
| 页数: | 239页 | |
| 开本: | 20cm | |
| 丛书名: | ||
| 单 册: | ||
| 中图分类: | B565.26 | |
| 科图分类: | ||
| 主题词: | 近代哲学--研究--法国 , 辩证法--研究--法国--近代 | |
| 电子资源: | ||
| ISBN: | 7-100-01752-1 | |
| 000 | 00823nam0 2200277 45 | |
| 001 | 0179002388 | |
| 005 | 20070727140500.12 | |
| 010 | @a7-100-01752-1@dCNY10.00 | |
| 100 | @a19950712e19791962kemy0chiy0121 ea | |
| 101 | 1 | @achi@cfre |
| 102 | @aCN@b110000 | |
| 102 | @aCN@b110000 | |
| 105 | @ay z 000yy | |
| 200 | 10 | @a论人类不平等的起源和基础@Alun ren lei bu ping deng de qi yuan he ji chu@f(法)卢梭(J.J.Rousseau)著@g李常山译 |
| 210 | @a北京@c商务印书馆@d1962@h1979 | |
| 210 | @a北京@c商务印书馆 | |
| 215 | @a239页@d20cm | |
| 606 | @a近代哲学@x研究@y法国 | |
| 606 | @a辩证法@x研究@y法国@z近代 | |
| 610 | 0 | @a平等 |
| 690 | @aB565.26@v3 | |
| 701 | A1 | @aRousseau@bJ.J.@4著 |
| 701 | 1 | @a卢梭@Alu suo@bJ.J.@4著 |
| 702 | 0 | @a李常山@Ali chang shan@4译 |
| 801 | 0 | @aCN@bTSSF@c20070727 |
| 905 | @a10447@dB565.26@e39 | |
| 论人类不平等的起源和基础/(法)卢梭(J.J.Rousseau)著/李常山译.-北京:商务印书馆,1962(1979).-北京:商务印书馆 |
| 239页;20cm |
| ISBN 7-100-01752-1:CNY10.00 |
| ● |
| 相关链接 |
|
|
|
|
正题名:论人类不平等的起源和基础
索取号:B565.26/39
 
预约/预借
| 序号 | 登录号 | 条形码 | 馆藏地/架位号 | 状态 | 备注 |
| 1 | 0783170 | 207831701 | 第一样本阅览室/ [索取号:B565.26/39] | 在馆 | |
| 2 | 0784334 | 207843342 | 密集书库/ [索取号:B565.26/39] | 在馆 |